Raúl Juliá Filmography - Statistics

General Stats
  • This quiz has been taken 59 times
  • The average score is 61 of 86
Answer Stats
Type Year Name % Correct
Film 1993 Addams Family Values
100%
Film 1991 The Addams Family
100%
Film 1985 Compromising Positions
89%
Film 1978 Eyes of Laura Mars
89%
Film 1990 Frankenstein Unbound
89%
Film 1990 Havana
89%
Film 1985 Kiss of the Spider Woman
89%
Film 1988 Moon over Parador
89%
TV Mini-Series 1985 Mussolini: The Untold Story
89%
TV Film 1988 Onassis: The Richest Man in the World
89%
Film 1990 Presumed Innocent
89%
Film 1994 Street Fighter
89%
Video Game 1995 Street Fighter: The Movie
89%
Film 1988 Tequila Sunrise
89%
Film 1976 The Gumball Rally
89%
Film 1990 The Rookie
89%
Music Video 1991 Addams Groove
78%
Film 1979 A Life of Sin
78%
Film 1971 Been Down So Long It Looks Like Up to Me
78%
TV Film 1975 Death Scream
78%
Theater 1978 Dracula
78%
Theater 1972 Hamlet
78%
Theater 1963, 1989-1990 Macbeth
78%
Film 1989 Mack the Knife
78%
Film 1982 One from the Heart
78%
Theater 1963, 1979, 1991 Othello
78%
Film 1979 Othello
78%
Film 1989 Romero
78%
Film 1981 Strong Medicine
78%
Film 1987 Tango Bar
78%
Film 1982 Tempest
78%
TV Film 1987 The Alamo: 13 Days to Glory
78%
TV Film 1994 The Burning Season: The Chico Mendes Story
78%
Film 1982 The Escape Artist
78%
Film 1986 The Great Party
78%
Film 1986 The Morning After
78%
Film 1971 The Organization
78%
Film 1971 The Panic in Needle Park
78%
Film 1988 The Penitent
78%
Film 1992 The Plague
78%
Theater 1981 The Tempest
78%
Film 1988 Trading Hearts
78%
TV Show 1984 American Playhouse
67%
TV Film 1995 Down Came a Blackbird
67%
TV Film 1986 Florida Straits
67%
TV Show 1974 Great Performances
67%
Theater 1973 King Lear
67%
TV Show 1969 Love of Life
67%
Theater 1991-1992 Man of La Mancha
67%
TV Show 1970 McCloud
67%
Short Film 1980 Ripe Strawberries
67%
TV Show 1971-1972 Sesame Street
67%
TV Show 1974 The Bob Newhart Show
67%
TV Show 1984 The New Show
67%
Theater 1978 The Taming of the Shrew
67%
Theater 1974, 1976-1977 The Threepenny Opera
67%
Theater 1971-1972 Two Gentlemen of Verona
67%
Theater 1972 Via Galactica
67%
Theater 1974-1975 Where's Charley?
67%
Theater 1968-1970 Your Own Thing
67%
TV Short 1974 Aces Up
56%
Theater 1985 Arms and the Man
56%
Theater 1971, 1973 As You Like It
56%
Theater 1979-1980 Betrayal
56%
Theater 1963 Bye Bye Birdie
56%
Theater 1984-1985 Design for Living
56%
Theater 1969 Frank Gagliano's City Scene
56%
Theater 1969-1970 Indians
56%
Theater 1966-1967 La Carreta
56%
Theater 1964 Life Is a Dream
56%
Theater 1982-1983 Nine
56%
Theater 1967 No Exit / The Little Private World of Arthur Fenwick
56%
TV Show 1968 N.Y.P.D.
56%
Theater 1971 Pinkville
56%
Theater 1970 The Castro Complex
56%
Theater 1977 The Cherry Orchard
56%
Theater 1968 The Cuban Thing
56%
Theater 1963 The Fourposter
56%
Theater 1963 The Happy Time
56%
Theater 1968 The Hide and Seek Odyssey of Madelain Gimple
56%
Theater 1968 The Memorandum
56%
Theater 1970 The Persians
56%
Theater 1967 Titus Andronicus
56%
Theater 1969 Paradise Gardens
44%
Theater 1985 A Christmas Carol
33%
TV Show 1984 Reading Rainbow
33%
No matching quizzes found
Score Distribution
Percent of People with Each Score
Percentile by Number Answered
Your Score History
You have not taken this quiz